000 00667nam a2200229Ia 4500
003 OSt
005 20220925204825.0
006 a|||||r|||| 00| 0
007 ta
008 220923b |||||||| |||| 00| 0 eng d
037 _cGeneral Book
040 _aRTL
_cRTL
_beng
041 _2eng
_aeng
082 _aX65291.1(X), M5/SC
100 _aKUYVENHOVEN Arie
_9151402
245 0 _aGuidelines for projects appraisal.
260 _aHague
_bGovt. Printing Office
_c1985
300 _ax,190p.
_ccm.
700 _a MENNES L B M
_9234551
942 _hX65291.1(X), M5/SC
_cGB
_2CC
999 _c550543
_d550543